| 000 | 03069cam a22006494i 4500 | ||
|---|---|---|---|
| 003 | PE-LiUPU | ||
| 005 | 20250731180103.0 | ||
| 008 | 150617s1985 mx r 000 0 spa d | ||
| 020 | _a9681807197 | ||
| 020 | _a8466210644 | ||
| 035 | _a(Sirsi) i9789681807191 | ||
| 040 |
_aPE-LiUPU _bspa _cPE-LiUPU _erda |
||
| 041 | 1 |
_aspa _heng |
|
| 049 | _aPRUA | ||
| 082 | 0 | 4 |
_a574.015195 _bD24 _220 |
| 100 | 1 |
_aDaniel, Wayne W., _eautor. |
|
| 245 | 1 | 0 |
_aBioestadística : _bBase para el análisis de las ciencias de la salud / _cWayne W. Daniel. |
| 264 | 1 |
_aMéxico : _bEditorial Limusa, _c1985. |
|
| 300 |
_a487 páginas : _bilustraciones ; _c23 centímetros |
||
| 336 |
_atext _2rdacontent |
||
| 337 |
_aunmediated _2rdamedia |
||
| 338 |
_avolume _2rdacarrier |
||
| 504 | _aÍndice: páginas 479-485. | ||
| 505 | 0 | _aOrganización y resumen de los datos -- Algunos conceptos básicos de probabilidad -- Distribuciones de probabilidad -- Algunas distribuciones muestrales importantes -- Estimación. -Pruebas de hipótesis -- Análisis de variancia -- Regresión y correlación lineales simples -- Regresión y correlación múltiples -- La distribución ji-cuadrada y el análisis de frecuencias -- Estadísticas no-paramétricas y a libre distribución -- Datos demográficos. | |
| 526 | _aSEG44 | ||
| 526 | _aSEG26 | ||
| 526 | _aP159 | ||
| 526 | _aP155 | ||
| 526 | _aP154 | ||
| 526 | _aP153 | ||
| 526 | _aP150 | ||
| 526 | _aP100 | ||
| 526 | _aP31 | ||
| 526 | _aP30 | ||
| 526 | _aP26 | ||
| 526 | _aP25 | ||
| 526 | _aP24 | ||
| 526 | _aP22 | ||
| 526 | _aP15 | ||
| 526 | _aP10 | ||
| 534 |
_aTitulo original : _tBiostatistics: Foundation for analysis in the health sciences. |
||
| 650 | 0 | 4 |
_aBioestadística. _95538 |
| 910 |
_ajck _bjvq _cjck _d20150616 |
||
| 910 |
_adbm _bsag _csag _d20190423 |
||
| 942 |
_2ddc _cBOOK |
||
| 949 |
_a574.015195 D24 _wDEWEY _c1 _i24757 _d2016-6-16 _e2016-6-15 _lCCODEBUL1 _mBUL _n1 _r0 _sY _tBOOK _u2015-6-17 _xSALUD _zUNKNOWN _0COMPRA _o.STAFF. Colección General |
||
| 949 |
_a574.015195 D24 _wDEWEY _c2 _i30545 _lCCODEBUL1 _mBUL _r0 _sY _tBOOK _u2015-6-17 _xSALUD _zUNKNOWN _0COMPRA _o.STAFF. Colección General |
||
| 949 |
_a574.015195 D24 _wDEWEY _c3 _i24758 _d2016-6-23 _e2016-6-23 _lCCODEBUL1 _mBUL _n1 _r0 _sY _tBOOK _u2015-6-17 _xSALUD _zUNKNOWN _0COMPRA _o.STAFF. Colección General |
||
| 994 |
_aC0 _bPEPRU |
||
| 596 | _a1 | ||
| 999 |
_a574.021 D24 _wDEWEY _c17443 _i24757 _d17443 _e2016-6-15 _f2019-2-27 _g3 _lDISCARD _mBUL _n1 _p12.00 _r0 _sY _tBOOK _u2015-6-17 _xSALUD _zUNKNOWN _0COMPRA _o.STAFF. Colección General |
||
| 999 |
_a574.021 D24 _wDEWEY _c2 _i30545 _f2021-11-5 _g4 _lCCODEBUL1 _mBUL _p12.00 _r0 _sY _tBOOK _u2015-6-17 _xBIBLIOTECA _zUNKNOWN _0COMPRA _o.STAFF. Colección Ciencias de la Salud |
||
| 999 |
_a574.021 D24 _wDEWEY _c3 _i24758 _d2019-6-7 _e2019-5-31 _f2019-12-10 _g4 _lDISCARD _mBUL _n3 _p12.00 _r0 _sY _tBOOK _u2015-6-17 _xSALUD _zUNKNOWN _0COMPRA _o.STAFF. Colección Ciencias de la Salud |
||
| 980 |
_81 _gALBERTO SANCHEZ Responsable de Automatización |
||